Carbon-Based Smart Materials (Record no. 89650)

MARC details
000 -LEADER
fixed length control field 01370nam a2200277Ia 4500
000 - LEADER
fixed length control field 01984naaa 00385uu
001 - CONTROL NUMBER
control field https://directory.doabooks.org/handle/20.500.12854/39263
005 - DATE AND TIME OF LATEST TRANSACTION
control field 20260218105552.0
008 - FIXED-LENGTH DATA ELEMENTS--GENERAL INFORMATION
fixed length control field 211013s9999 xx 000 0 und d
024 ## - OTHER STANDARD IDENTIFIER
Standard number or code 10.1515/9783110479133
042 ## - AUTHENTICATION CODE
Authentication code dc
245 #0 - TITLE STATEMENT
Title Carbon-Based Smart Materials
260 ## - PUBLICATION, DISTRIBUTION, ETC.
Place of publication, distribution, etc. Berlin/Boston
Name of publisher, distributor, etc. De Gruyter
Date of publication, distribution, etc. 2020
300 ## - PHYSICAL DESCRIPTION
Extent 1 electronic resource (182 p.)
520 ## - SUMMARY, ETC.
Summary, etc. Presents technologies and key concepts to produce suitable smart materials and intelligent structures for sensing, information and communication technology, biomedical applications (drug delivery, hyperthermia therapy), self-healing, flexible memories and construction technologies. Novel developments of environmental friendly, cost-effective and scalable production processes are discussed by experts in the field.
540 ## - TERMS GOVERNING USE AND REPRODUCTION NOTE
Terms governing use and reproduction Creative Commons
653 ## - INDEX TERM--UNCONTROLLED
Uncontrolled term smart materials
700 1# - ADDED ENTRY--PERSONAL NAME
Personal name Charitidis, Constantinos A.
700 1# - ADDED ENTRY--PERSONAL NAME
Personal name Charitidis, Constantinos A.
700 1# - ADDED ENTRY--PERSONAL NAME
Personal name Dragatogiannis, ?Dimitrios A.
700 1# - ADDED ENTRY--PERSONAL NAME
Personal name Koumoulos, ?Elias P.
700 1# - ADDED ENTRY--PERSONAL NAME
Personal name Koumoulos, ?Elias P.
856 ## - ELECTRONIC LOCATION AND ACCESS
Uniform Resource Identifier <a href="https://docs.google.com/spreadsheets/d/1yKIrdCPDAG_9c22mwoOIO2DOhtj65Wqa/edit?usp=sharing&ouid=106555315294820607512&rtpof=true&sd=true ">https://docs.google.com/spreadsheets/d/1yKIrdCPDAG_9c22mwoOIO2DOhtj65Wqa/edit?usp=sharing&ouid=106555315294820607512&rtpof=true&sd=true </a>
Link text List of Curated E-Books
942 ## - ADDED ENTRY ELEMENTS (KOHA)
Koha item type E-Book

No items available.

University of Rizal System
Email us at univlibservices@urs.edu.ph

Visit our Website www.urs.edu.ph/library